Physics by example 200 problems and solutions (Record no. 571859)

000 -LEADER
fixed length control field 00519nam a22001817a 4500
003 - CONTROL NUMBER IDENTIFIER
control field CEME
005 - DATE AND TIME OF LATEST TRANSACTION
control field 20210628203023.0
008 - FIXED-LENGTH DATA ELEMENTS--GENERAL INFORMATION
fixed length control field 210216b xxu||||| |||| 00| 0 eng d
020 ## - INTERNATIONAL STANDARD BOOK NUMBER
International Standard Book Number 0-521-56697-5
040 ## - CATALOGING SOURCE
Transcribing agency .
082 ## - DEWEY DECIMAL CLASSIFICATION NUMBER
Classification number 530.076 REE
100 ## - MAIN ENTRY--PERSONAL NAME
Personal name Rees, W.G
9 (RLIN) 62904
245 ## - TITLE STATEMENT
Title Physics by example 200 problems and solutions
260 ## - PUBLICATION, DISTRIBUTION, ETC.
Place of publication, distribution, etc. NEW YORK
Name of publisher, distributor, etc. CAMBRIDGE UNIVERSITY PRESS
Date of publication, distribution, etc. 1994
300 ## - PHYSICAL DESCRIPTION
Extent 374P
650 ## - SUBJECT ADDED ENTRY--TOPICAL TERM
Topical term or geographic name entry element PHYSIC PROBLEMS AND THEIR SOLUTIONS; PHYSIC-PROBLEMS, EXERCISES
9 (RLIN) 62905
942 ## - ADDED ENTRY ELEMENTS (KOHA)
Koha item type Book
Source of classification or shelving scheme
Holdings
Withdrawn status Lost status Damaged status Not for loan Permanent Location Current Location Shelving location Date acquired Total Checkouts Full call number Barcode Date last seen Price effective from Koha item type
        College of Electrical & Mechanical Engineering (CEME) College of Electrical & Mechanical Engineering (CEME) General Stacks 07/24/2017   530.076 REE CEME-36445 06/28/2021 06/28/2021 Book
© 2023 Central Library, National University of Sciences and Technology. All Rights Reserved.